[Event "HUN-chT2 Erkel 1415"]
[Site "Hungary"]
[Date "2015.04.26"]
[Round "9.12"]
[White "Csaszar, Gyula"]
[Black "Sebok, Mate"]
[Result "1-0"]
[WhiteElo "2050"]
[BlackElo "1574"]
[PlyCount "133"]
[EventDate "2014.09.28"]
[EventType "team-tourn"]
[EventRounds "9"]
[EventCountry "HUN"]
[SourceTitle "EXT 2016"]
[Source "ChessBase"]
[SourceDate "2015.10.08"]
[SourceVersion "1"]
[SourceVersionDate "2015.10.08"]
[SourceQuality "1"]
[WhiteTeam "BEAC"]
[BlackTeam "Jaszbereny"]
[WhiteTeamCountry "HUN"]
[BlackTeamCountry "HUN"]

1. e4 c6 2. d4 d5 3. exd5 cxd5 4. c4 Nf6 5. Nc3 Nc6 6. Be3 e6 7. Nf3 Be7 8. c5 a6 9. a3 0-0 10. h3 Qc7 11. Na4 Rb8 12. Nb6 Nd7 13. Qd2 e5 14. Nxd5 Qd8 15. Nxe7+ Nxe7 16. dxe5 Nc6 17. Rd1 Ndxe5 18. Qc3 Qe7 19. Nxe5 Qxe5 20. Qxe5 Nxe5 21. Bf4 Re8 22. Be2 Bf5 23. 0-0 Rbc8 24. b4 Ng6 25. Bf3 Nxf4 26. Bxb7 Rc7 27. Bxa6 Ra7 28. Bb5 Rb8 29. a4 Bc2 30. Ra1 Nd5 31. Rfc1 Nxb4 32. c6 Nd5 33. Rxc2 Rxb5 34. Rd1 Rb8 35. Rxd5 Rc7 36. a5 Kf8 37. a6 Rb1+ 38. Kh2 Ra1 39. Rd7 Rxd7 40. cxd7 Ke7 41. Rd2 Kd8 42. Rd6 Rb1 43. Kg3 Rb5 44. Kf4 Rb2 45. Ke3 Rc2 46. g3 Rc1 47. f4 Rc3+ 48. Rd3 Rc7 49. h4 Ra7 50. Rd6 Rc7 51. g4 Rc1 52. h5 Rc4 53. g5 Rc5 54. Ke4 Rc1 55. f5 Re1+ 56. Kd5 Rc1 57. g6 hxg6 58. f6 gxf6 59. h6 Rd1+ 60. Kc6 Rc1+ 61. Kb7 Rb1+ 62. Rb6 Rc1 63. a7 Kxd7 64. a8Q Rh1 65. Qc8+ Ke7 66. Qc7+ Kf8 67. Qd8# 1-0